English Places by their 11th Century Spellings #2 - Statistics

General Stats
  • This quiz has been taken 113 times
  • The average score is 19 of 30
Answer Stats
Domesday Modern % Correct
Ledes Leeds
100%
Coventreu Coventry
96%
Glowecestre Gloucester
94%
Blacheburne Blackburn
92%
Donecastre Doncaster
92%
Cestrefeld Chesterfield
83%
Basingestoches Basingstoke
80%
Suindone Swindon
79%
Cantuaria Canterbury
76%
Witebi Whitby
73%
Creu Crewe
71%
Huntedone Huntingdon
71%
Rouecestre Rochester
71%
Welle Wells
71%
Grenviz Greenwich
68%
Rodreham Rotherham
68%
Stigenage Stevenage
67%
Petri De Burg Peterborough
62%
Loitone Luton
60%
Bochingheham Buckingham
59%
Eurvic York
55%
Chideminstre Kidderminster
53%
Hamelamestede Hemel Hempstead
49%
Meddestane Maidstone
42%
Eilesberia Aylesbury
33%
Gepeswiz Ipswich
33%
Werchesope Worksop
29%
Cunetesford Knutsford
26%
Belesdunam Basildon
7%
Chenaresburg Knaresborough
5%
No matching quizzes found
Score Distribution
Percent of People with Each Score
Percentile by Number Answered
Your Score History
You have not taken this quiz